Kondicionalita Medzinárodného menového fondu

Štáty čeliace problémom platobnej bilancie potrebujú upraviť nerovnováhu prostredníctvom finančných a ekonomických disciplín. MMF spĺňa významnú úlohu pri pomoci s týmito problémami, a to poskytovaním svojich zdrojov členským štátom na základe istých podmienok. Súhrn podmienok stanovených vo vzťahu...

Descrizione completa

Salvato in:
Dettagli Bibliografici
Autore principale: Pyteľová, Klaudia, 1985-
Natura: Capitolo di libro
Lingua:slovacco
Soggetti:
Tags: Aggiungi Tag
Nessun Tag, puoi essere il primo ad aggiungerne!!

MARC

LEADER 00000nla$a2200000$$$4500
001 0145411
005 20240502072621.5
041 0 |a slo 
044 |a SK 
245 1 0 |a Kondicionalita Medzinárodného menového fondu  |c Klaudia Pyteľová 
520 |a Štáty čeliace problémom platobnej bilancie potrebujú upraviť nerovnováhu prostredníctvom finančných a ekonomických disciplín. MMF spĺňa významnú úlohu pri pomoci s týmito problémami, a to poskytovaním svojich zdrojov členským štátom na základe istých podmienok. Súhrn podmienok stanovených vo vzťahu k čerpaniu zdrojov členskými štátmi sa označuje ako „kondicionalita MMF“. 
610 2 0 |a bilancia platobná 
610 2 0 |a Medzinárodný menový fond 
100 1 |a Pyteľová, Klaudia, 1985-